000 01078cam a2200265 4500
001 X110803
008 000000n2001 000 0 eng u
035 _a(Sirsi) u110803
100 _aBlackler, T.
245 _aGetting off the hook
260 _c2001
490 _aBuilding
_v266(8166) 26 January 2001, 63(1)
520 _aConsiders when a consultant's duty to inform a client of a possible deficiency in the design ends in the light of "Abbeystead" and "New Islington and Hackney Housing Association v Pollard Thomas and Edwards Ltd". Concludes that such a duty arguably exists, when put on notice of such a problem, until the final certificate is issued.
590 _aABS
650 _aECKERSLEY AND PARTNERS V BINNEY AND OTHERS
650 _aCONSULTANTS
650 _aDESIGN FAULTS
650 _aDESIGNERS
650 _aDUTY OF CARE
650 _aFINAL CERTIFICATE
650 _aNEW ISLINGTON AND HACKNEY HOUSING ASSOCIATION V POLLARD THOMAS AND EDWARDS LTD
650 _aPRACTICAL COMPLETION
690 _aBUILDING AND CONSTRUCTION-LAW
942 _n0
999 _c66053
_d66053